[Event "II Trofeo Antica Scuola Napoletana A"]
[Site "Napoli ITA"]
[Date "2014.04.03"]
[Round "5"]
[White "Zinnai, Graziano Matteo"]
[Black "De Rosa, Mariagrazia"]
[WhiteElo "2032"]
[BlackElo "2054"]
[Result "0-1"]
[PlyCount "128"]
[EventDate "2014.03.06"]

1. e4 c5 2. d3 Nc6 3. f4 e6 4. Nf3 d5 5. e5 Nh6 6. g3 Nf5 7. Bg2 h5 8. O-O Qb6
9. c3 Be7 10. Na3 a6 11. Nc2 Bd7 12. Qe2 d4 13. c4 g6 14. Nd2 Kf8 15. Ne4 Kg7
16. Rb1 Qc7 17. Bd2 b5 18. Ne1 Rab8 19. b3 bxc4 20. dxc4 Nb4 21. a3 Nc6 22. Nd3
Na5 23. Nexc5 Bxc5 24. b4 Be7 25. bxa5 Bxa3 26. Ra1 Rb3 27. Nc1 d3 28. Qe1 Bc5+
29. Kh1 h4 30. gxh4 Nxh4 31. Be4 Rbb8 32. Nxd3 Bd4 33. Rc1 Bc6 34. Bb4 Qb7 35.
Nf2 Bxf2 36. Rxf2 Bxe4+ 37. Kg1 Nf3+ 38. Rxf3 Bxf3 39. Bd6 Rbd8 40. Rb1 Qe4 41.
Be7 Qxe1+ 42. Rxe1 Rd1 43. Rxd1 Bxd1 44. Bf6+ Kh7 45. Bxh8 Kxh8 46. Kf2 Bb3 47.
c5 Bd5 48. Ke3 Bc6 49. Kf2 Kg7 50. Kg3 Kh6 51. Kg4 Be4 52. Kh4 Bf3 53. Kg3 Bc6
54. Kg4 Kg7 55. Kg5 Bf3 56. Kh4 f5 57. Kg5 Bc6 58. h3 Bd5 59. h4 Be4 60. h5
gxh5 61. Kxh5 Kf7 62. Kh6 Ke7 63. Kg6 Kd7 64. Kf7 Bd5 0-1

[Event "II Trofeo Antica Scuola Napoletana A"]
[Site "Napoli ITA"]
[Date "2014.04.10"]
[Round "6"]
[White "Auletta, Pasquale"]
[Black "Capozzoli, Silvio"]
[WhiteElo "1557"]
[BlackElo "1743"]
[Result "0-1"]
[PlyCount "94"]
[EventDate "2014.03.06"]

1. e4 g6 2. d4 Bg7 3. Nc3 e6 4. f4 Ne7 5. Bc4 a6 6. a3 d6 7. Be3 Nd7 8. Nf3 Nf6
9. h3 b5 10. Ba2 Bb7 11. Qd3 d5 12. exd5 Bxd5 13. Bxd5 Nfxd5 14. O-O-O Nf5 15.
Bf2 Nxf4 16. Qe4 Nxg2 17. Rhg1 Bh6+ 18. Kb1 Nf4 19. Bg3 Nxg3 20. Rxg3 O-O 21.
d5 Nxd5 22. Nxd5 exd5 23. Rxd5 Qf6 24. Rf5 Qb6 25. h4 Bg7 26. Rfg5 Qf6 27. c3
Rfe8 28. Qc2 c5 29. h5 Rac8 30. hxg6 fxg6 31. Nh4 Re1+ 32. Ka2 Qe6+ 33. Qb3
Ra1+ 34. Kxa1 Qxb3 35. Nxg6 hxg6 36. Rxg6 Qd1+ 37. Ka2 Qd5+ 38. Ka1 Rc7 39.
Rxa6 Qf7 40. Rag6 Qf1+ 41. Ka2 Qf4 42. R6g4 Qd2 43. Rg2 Qd5+ 44. Ka1 Re7 45. c4
bxc4 46. Rg5 Qd1+ 47. Ka2 Qb3+ 0-1

[Event "II Trofeo Antica Scuola Napoletana A"]
[Site "Napoli ITA"]
[Date "2014.04.10"]
[Round "6"]
[White "Baccelliere, Antonio"]
[Black "De Rosa, Francesco"]
[WhiteElo "1700"]
[BlackElo "1917"]
[Result "0-1"]
[PlyCount "48"]
[EventDate "2014.03.06"]

1. e4 c5 2. Nf3 Nc6 3. d4 cxd4 4. Nxd4 e5 5. Nb5 d6 6. N5c3 a6 7. Na3 b5 8. Nd5
Nge7 9. Bg5 h6 10. Qh5 Be6 11. c4 Bxd5 12. exd5 Nd4 13. cxb5 hxg5 14. Qxh8 Qa5+
15. Kd1 Qa4+ 16. Kd2 Qb4+ 17. Kd1 Qxb2 18. Rc1 Qxa3 19. bxa6 Nxd5 20. Qh3 Qa4+
21. Ke1 g4 22. Qd3 Nb4 23. Qe4 Rb8 24. Qxg4 Nbc2+ 0-1

[Event "II Trofeo Antica Scuola Napoletana A"]
[Site "Napoli ITA"]
[Date "2014.04.10"]
[Round "6"]
[White "De Rosa, Mariagrazia"]
[Black "Baltzopoulos, Giorgos"]
[WhiteElo "2054"]
[BlackElo "2030"]
[Result "1/2-1/2"]
[PlyCount "59"]
[EventDate "2014.03.06"]

1. e4 e5 2. Nf3 Nc6 3. Bb5 a6 4. Ba4 Nf6 5. O-O Be7 6. Re1 b5 7. Bb3 O-O 8. a4
b4 9. d4 d6 10. h3 Nxd4 11. Nxd4 exd4 12. Qxd4 c5 13. Qd3 Bb7 14. Nd2 Re8 15.
Nf1 Qc7 16. Bf4 Qc6 17. f3 d5 18. exd5 Nxd5 19. Bxd5 Qxd5 20. Qxd5 Bxd5 21.
Rad1 Bc6 22. b3 Bf6 23. Rxe8+ Rxe8 24. Rd6 Re6 25. Nd2 Bd4+ 26. Kf1 Rxd6 27.
Bxd6 f5 28. Nc4 Bd5 29. Ne5 g5 30. Ke2 1/2-1/2

[Event "II Trofeo Antica Scuola Napoletana A"]
[Site "Napoli ITA"]
[Date "2014.04.10"]
[Round "6"]
[White "Russo Spena, Vincenzo"]
[Black "Vannini, Aldo"]
[WhiteElo "1493"]
[BlackElo "1775"]
[Result "0-1"]
[PlyCount "82"]
[EventDate "2014.03.06"]

1. c4 e5 2. e4 Bc5 3. Nc3 Nf6 4. Be2 d6 5. d3 c6 6. Nf3 O-O 7. O-O a5 8. a4 h6
9. Bd2 Be6 10. Kh1 Qb6 11. Qc1 Kh7 12. Rb1 Ng4 13. Nd1 Na6 14. Be3 Nxe3 15.
Nxe3 Nb4 16. Ra1 f5 17. exf5 Bxe3 18. fxe3 Bxf5 19. e4 Bg4 20. Qd1 Rf6 21. Nh4
Bxe2 22. Qxe2 Raf8 23. Rxf6 Rxf6 24. Rf1 Qd8 25. Nf3 Qf8 26. Kg1 g5 27. g4 Kg7
28. d4 Rf4 29. h3 Na6 30. dxe5 dxe5 31. Nxe5 Qc5+ 32. Kg2 Qxe5 33. Re1 Nc5 34.
Qd2 Rxe4 35. Rxe4 Qxe4+ 36. Kg1 Qe5 37. b4 Qg3+ 38. Kf1 Qxh3+ 39. Ke2 Qg2+ 40.
Ke3 Qxd2+ 41. Kxd2 axb4 0-1

[Event "II Trofeo Antica Scuola Napoletana A"]
[Site "Napoli ITA"]
[Date "2014.04.10"]
[Round "6"]
[White "Schiappoli, Dario"]
[Black "Vecchione, Anna Pia"]
[WhiteElo "1915"]
[BlackElo "1556"]
[Result "1-0"]
[PlyCount "57"]
[EventDate "2014.03.06"]

1. e4 c5 2. Nf3 d6 3. d4 cxd4 4. Nxd4 Nf6 5. Nc3 Nc6 6. Be2 g6 7. Be3 Bg7 8. g4
Nxg4 9. Bxg4 Bxg4 10. Qxg4 Nxd4 11. O-O-O Ne6 12. Nd5 Nc7 13. Nf4 Qc8 14. Qg2
Be5 15. Nd3 Bg7 16. f4 Nb5 17. e5 O-O 18. h4 Qe6 19. h5 Rfc8 20. hxg6 Qxg6 21.
Qe2 Rc7 22. Rdg1 Qe4 23. Kd2 Rac8 24. c3 d5 25. Qg4 Qg6 26. Qh3 Qe4 27. f5 d4
28. Rxg7+ Kf8 29. Rg8+ 1-0

[Event "II Trofeo Antica Scuola Napoletana A"]
[Site "Napoli ITA"]
[Date "2014.04.10"]
[Round "6"]
[White "Seletsky, Grigory"]
[Black "Solombrino, Giovanni"]
[WhiteElo "2341"]
[BlackElo "1859"]
[Result "1-0"]
[PlyCount "45"]
[EventDate "2014.03.06"]

1. e4 c5 2. Nf3 Nc6 3. Bb5 g6 4. Bxc6 dxc6 5. d3 Bg7 6. Nc3 Nf6 7. Be3 b6 8. h3
O-O 9. Qd2 Nd7 10. Bh6 Qc7 11. O-O-O b5 12. h4 b4 13. Ne2 Qa5 14. Kb1 Nb6 15.
Bxg7 Be6 16. Qh6 Qxa2+ 17. Kc1 Nc4 18. dxc4 Rfd8 19. Bd4 Qa1+ 20. Kd2 Rxd4+ 21.
Nfxd4 Qa5 22. Nxe6 fxe6 23. b3 1-0

[Event "II Trofeo Antica Scuola Napoletana A"]
[Site "Napoli ITA"]
[Date "2014.04.10"]
[Round "6"]
[White "Soave, Vittorio"]
[Black "Farina, Walter"]
[WhiteElo "1626"]
[BlackElo "1606"]
[Result "1/2-1/2"]
[PlyCount "60"]
[EventDate "2014.03.06"]

1. d4 f5 2. c4 Nf6 3. Nc3 g6 4. Nf3 Bg7 5. e3 O-O 6. Be2 d6 7. O-O c6 8. b4 Na6
9. Ba3 Nc7 10. Qb3 a6 11. Rac1 Qe8 12. d5 Bd7 13. Nd4 e5 14. dxe6 Bxe6 15. Bf3
Rd8 16. Rfd1 d5 17. Nxe6 Qxe6 18. cxd5 Nfxd5 19. Nxd5 Nxd5 20. b5 Rf7 21. bxc6
bxc6 22. Rxc6 Qxc6 23. Bxd5 Rxd5 24. Rxd5 Qc8 25. Be7 Bf8 26. Bh4 Rb7 27. Rb5+
Rf7 28. Rd5 Rb7 29. Qd1 Qc4 30. g3 Qxa2 1/2-1/2

[Event "II Trofeo Antica Scuola Napoletana A"]
[Site "Napoli ITA"]
[Date "2014.04.10"]
[Round "6"]
[White "Sparice, Lorenzo"]
[Black "Esposito, Rosario"]
[WhiteElo "1473"]
[BlackElo "1832"]
[Result "0-1"]
[PlyCount "74"]
[EventDate "2014.03.06"]

1. e4 c5 2. Nc3 Nc6 3. f4 g6 4. Nf3 Bg7 5. d3 e6 6. Be2 Nge7 7. O-O d5 8. Qe1
O-O 9. e5 a6 10. Qh4 Nf5 11. Qxd8 Rxd8 12. a3 b5 13. Bd1 c4 14. Ne2 cxd3 15.
cxd3 Bb7 16. d4 Bf8 17. b3 b4 18. g4 Ng7 19. a4 a5 20. Re1 Ba6 21. Ra2 Rdc8 22.
Ng3 Nxd4 23. Nxd4 Rxc1 24. Nge2 Rcc8 25. Rc2 Bc5 26. Rxc5 Rxc5 27. Bc2 Rac8 28.
Bb1 Bxe2 29. Nxe2 Ne8 30. f5 Nc7 31. fxg6 hxg6 32. Bxg6 fxg6 33. Rf1 Rf8 34.
Rf6 Rxf6 35. exf6 Kf7 36. g5 d4 37. h4 d3 0-1

[Event "II Trofeo Antica Scuola Napoletana A"]
[Site "Napoli ITA"]
[Date "2014.04.10"]
[Round "6"]
[White "Taurisano, Vincenzo"]
[Black "Freda, Guido"]
[WhiteElo "1934"]
[BlackElo "1570"]
[Result "1-0"]
[PlyCount "53"]
[EventDate "2014.03.06"]

1. e4 c5 2. Nf3 d6 3. d4 cxd4 4. Nxd4 e5 5. Nb3 Nf6 6. Bg5 Be7 7. Bxf6 Bxf6 8.
Nc3 a6 9. a4 Be6 10. Nd5 Nd7 11. a5 Rc8 12. c3 O-O 13. Be2 Be7 14. O-O f5 15.
exf5 Bxf5 16. Bg4 Bxg4 17. Qxg4 Kh8 18. Qe6 Bf6 19. Ra4 Nc5 20. Nxc5 Rxc5 21.
Nb6 Rc7 22. Rd1 Rc6 23. Rc4 Rxc4 24. Nxc4 Be7 25. Nxe5 Qe8 26. Nd7 Rg8 27. Re1
1-0

[Event "II Trofeo Antica Scuola Napoletana A"]
[Site "Napoli ITA"]
[Date "2014.04.10"]
[Round "6"]
[White "Zinnai, Graziano Matteo"]
[Black "Messina, Enrico"]
[WhiteElo "2032"]
[BlackElo "2172"]
[Result "0-1"]
[PlyCount "98"]
[EventDate "2014.03.06"]

1. d4 Nf6 2. Nf3 d6 3. Bf4 Nbd7 4. h3 g6 5. e3 Bg7 6. Be2 O-O 7. O-O c5 8. c4
cxd4 9. exd4 b6 10. Nc3 Bb7 11. Qd2 Re8 12. d5 Rc8 13. Rfe1 a6 14. Rac1 Qc7 15.
Bf1 Rcd8 16. b3 Nf8 17. Be3 N8d7 18. Na4 Nc5 19. Nxb6 Qxb6 20. b4 Nfe4 21. bxc5
Nxc5 22. Rb1 Qc7 23. Qb4 Rb8 24. Bxc5 dxc5 25. Qb6 Rec8 26. Qxc7 Rxc7 27. Rb6
Ra8 28. Reb1 Bc8 29. Bd3 Bf6 30. Nd2 Kg7 31. Be4 Raa7 32. f4 h5 33. Kf2 a5 34.
Nf3 a4 35. Ne5 a3 36. Kf3 Ra4 37. Bd3 Ba6 38. Rc1 Rb7 39. Rxb7 Bxb7 40. Ke3 Rb4
41. Rb1 Ba6 42. Rxb4 cxb4 43. Kd4 g5 44. g3 h4 45. fxg5 Bxe5+ 46. Kxe5 hxg3 47.
Be4 b3 48. axb3 a2 49. Kf4 a1=Q 0-1

[Event "II Trofeo Antica Scuola Napoletana A"]
[Site "Napoli ITA"]
[Date "2014.04.24"]
[Round "7"]
[White "Baltzopoulos, Giorgos"]
[Black "Taurisano, Vincenzo"]
[WhiteElo "2030"]
[BlackElo "1934"]
[Result "1-0"]
[PlyCount "57"]
[EventDate "2014.03.06"]

1. e4 d5 2. exd5 Qxd5 3. Nf3 Nf6 4. d4 Bg4 5. Be2 e6 6. O-O Be7 7. h3 Bh5 8. c4
Qd8 9. Qb3 Qc8 10. Nc3 Nbd7 11. Bf4 c6 12. d5 Nc5 13. Qd1 exd5 14. cxd5 Qf5 15.
Bh2 Rd8 16. Nd4 Qg5 17. f4 Qg6 18. f5 Qg5 19. Bf4 Qh4 20. Kh2 Bxe2 21. Qxe2
Nxd5 22. Nxd5 Rxd5 23. Nc2 O-O 24. Ne3 Rd4 25. g3 Qf6 26. Ng4 Qxf5 27. Qxe7 Re4
28. Qxf8+ Kxf8 29. Bd6+ 1-0

[Event "II Trofeo Antica Scuola Napoletana A"]
[Site "Napoli ITA"]
[Date "2014.04.24"]
[Round "7"]
[White "De Rosa, Francesco"]
[Black "Seletsky, Grigory"]
[WhiteElo "1917"]
[BlackElo "2341"]
[Result "0-1"]
[PlyCount "76"]
[EventDate "2014.03.06"]

1. e4 e6 2. d4 d5 3. Nc3 Nc6 4. Nf3 Nf6 5. Bg5 Be7 6. e5 Ne4 7. Bxe7 Qxe7 8. a3
b6 9. Bd3 Nxc3 10. bxc3 Bb7 11. O-O O-O-O 12. Qe2 Kb8 13. a4 Na5 14. Rfb1 c5
15. Ba6 Rc8 16. Bxb7 Qxb7 17. Ra3 Ka8 18. Qb5 cxd4 19. Nxd4 Nc4 20. Raa1 a6 21.
Qb4 Rb8 22. f4 g6 23. h4 Rhc8 24. Rd1 Ne3 25. Rd3 Rc4 26. Qb3 Nf5 27. g3 h5 28.
Kh2 Rbc8 29. Ra2 Qc7 30. Nxf5 gxf5 31. Rb2 Ka7 32. Kh3 Qc5 33. Kg2 Rc6 34. Kf1
Rxc3 35. Rxc3 Qxc3 36. Kf2 Qd4+ 37. Kg2 Rc3 38. Qb4 Rxc2+ 0-1

[Event "II Trofeo Antica Scuola Napoletana A"]
[Site "Napoli ITA"]
[Date "2014.04.24"]
[Round "7"]
[White "Esposito, Rosario"]
[Black "Schiappoli, Dario"]
[WhiteElo "1832"]
[BlackElo "1915"]
[Result "1-0"]
[PlyCount "57"]
[EventDate "2014.03.06"]

1. d4 Nf6 2. c4 c5 3. d5 e6 4. Nc3 exd5 5. cxd5 a6 6. a4 g6 7. Nf3 Bg7 8. Nd2
O-O 9. Nc4 Re8 10. Nd6 Re7 11. Nxc8 Qxc8 12. Bf4 Ne4 13. Qc2 Qe8 14. e3 Nxc3
15. bxc3 Re4 16. Be2 Qe7 17. O-O f5 18. Bd3 d6 19. Bxe4 fxe4 20. Rab1 Qc7 21.
Qb3 b5 22. axb5 axb5 23. Qxb5 Nd7 24. Qc6 Rc8 25. Qxc7 Rxc7 26. Bxd6 Ra7 27. c4
Ra6 28. Bc7 Ra7 29. Bg3 1-0

[Event "II Trofeo Antica Scuola Napoletana A"]
[Site "Napoli ITA"]
[Date "2014.04.24"]
[Round "7"]
[White "Farina, Walter"]
[Black "Baccelliere, Antonio"]
[WhiteElo "1606"]
[BlackElo "1700"]
[Result "1/2-1/2"]
[PlyCount "133"]
[EventDate "2014.03.06"]

1. e4 e5 2. Nf3 Nc6 3. Bb5 a6 4. Ba4 Nf6 5. O-O b5 6. Bb3 Be7 7. Re1 O-O 8. h3
Bb7 9. c3 Nb8 10. Bc2 c5 11. d4 cxd4 12. cxd4 exd4 13. Nxd4 Nc6 14. Nf5 Bc5 15.
Nd6 Bxd6 16. Qxd6 Qe7 17. Qxe7 Nxe7 18. Nd2 Ng6 19. Nf1 Rfe8 20. Ng3 d5 21. f3
dxe4 22. Nxe4 Nxe4 23. Bxe4 Bxe4 24. Rxe4 Rxe4 25. fxe4 Re8 26. a4 b4 27. Bd2
Rxe4 28. Rc1 Ne7 29. Rc7 f6 30. Ra7 Nd5 31. Kf1 Ne3+ 32. Bxe3 Rxe3 33. Rxa6 Rb3
34. Rb6 Rxb2 35. a5 Ra2 36. Rxb4 Rxa5 37. Rb8+ Kf7 38. Rb7+ Kg6 39. Kf2 Ra3 40.
Kf1 Ra2 41. Rc7 h5 42. Rb7 h4 43. Rb4 Kg5 44. Rb5+ f5 45. Rb7 g6 46. Rb6 Ra5
47. Kf2 Kh5 48. Rb8 g5 49. Rh8+ Kg6 50. Rg8+ Kh6 51. Rh8+ Kg7 52. Rb8 g4 53.
hxg4 fxg4 54. Rb4 Rf5+ 55. Kg1 Rg5 56. Kh2 Kf6 57. Rb6+ Kg7 58. Rb7+ Kh6 59.
Rb6+ Rg6 60. Rb4 Kg7 61. Rb7+ Kf6 62. Rb6+ Kg5 63. Rb5+ Kf4 64. Rb4+ Ke3 65.
Rb3+ Kd2 66. Rb4 h3 67. gxh3 1/2-1/2

[Event "II Trofeo Antica Scuola Napoletana A"]
[Site "Napoli ITA"]
[Date "2014.04.24"]
[Round "7"]
[White "Freda, Guido"]
[Black "Soave, Vittorio"]
[WhiteElo "1570"]
[BlackElo "1626"]
[Result "0-1"]
[PlyCount "55"]
[EventDate "2014.03.06"]

1. d4 d5 2. c4 c6 3. Nf3 Nf6 4. Bg5 e6 5. e3 Nbd7 6. Nc3 Qa5 7. a3 Ne4 8. Qc2
Nxg5 9. Nxg5 dxc4 10. Nf3 b5 11. O-O-O Be7 12. g3 Bb7 13. Bg2 c5 14. dxc5 Nxc5
15. Kb1 O-O 16. Nh4 Bxg2 17. Nxg2 Rfd8 18. Rxd8+ Rxd8 19. Rd1 Rxd1+ 20. Nxd1
Nb3 21. Qc3 b4 22. Qe1 Qa6 23. Kc2 bxa3 24. bxa3 Qa4 25. Nb2 Nd4+ 26. Kb1 Qc2+
27. Ka2 Bxa3 28. Qb1 0-1

[Event "II Trofeo Antica Scuola Napoletana A"]
[Site "Napoli ITA"]
[Date "2014.04.24"]
[Round "7"]
[White "Messina, Enrico"]
[Black "De Rosa, Mariagrazia"]
[WhiteElo "2172"]
[BlackElo "2054"]
[Result "0-1"]
[PlyCount "76"]
[EventDate "2014.03.06"]

1. e4 c5 2. b3 Nc6 3. Bb2 d6 4. f4 e5 5. Nf3 exf4 6. Bb5 Bg4 7. O-O Nf6 8. Nc3
Be7 9. Nd5 O-O 10. Bxc6 bxc6 11. Nxe7+ Qxe7 12. d3 Nd7 13. Qd2 Bxf3 14. Rxf3 g5
15. Raf1 f6 16. g3 Ne5 17. gxf4 Nxf3+ 18. Rxf3 d5 19. fxg5 fxg5 20. Rg3 h6 21.
h4 d4 22. hxg5 Qe5 23. Qg2 h5 24. Bc1 Rf7 25. g6 Rf6 26. Rg5 Qe6 27. g7 Re8 28.
Ba3 Re7 29. Bxc5 Rd7 30. Qg3 Qe8 31. Qh4 Qf7 32. Qg3 Rf1+ 33. Kg2 Rd8 34. Bxd4
Rc1 35. Rf5 Rxc2+ 36. Kf3 Qe7 37. Qf4 Rxd4 38. Qg3 Rxd3+ 0-1

[Event "II Trofeo Antica Scuola Napoletana A"]
[Site "Napoli ITA"]
[Date "2014.04.24"]
[Round "7"]
[White "Russo Spena, Vincenzo"]
[Black "Auletta, Pasquale"]
[WhiteElo "1493"]
[BlackElo "1557"]
[Result "0-1"]
[PlyCount "46"]
[EventDate "2014.03.06"]

1. Nc3 Nf6 2. Nf3 e6 3. d4 d5 4. Bf4 Bb4 5. h3 c6 6. e3 Ne4 7. Qd3 Qa5 8. Nd2
Bxc3 9. bxc3 Qxc3 10. Rb1 Qxd2+ 11. Qxd2 Nxd2 12. Kxd2 O-O 13. Bd3 Nd7 14. Bd6
Re8 15. f4 f6 16. g4 e5 17. Bf5 Nb6 18. Bxc8 Nc4+ 19. Kd3 Raxc8 20. Bb4 exf4
21. e4 Rxe4 22. Rhe1 Rce8 23. c3 Rxe1 0-1

[Event "II Trofeo Antica Scuola Napoletana A"]
[Site "Napoli ITA"]
[Date "2014.04.24"]
[Round "7"]
[White "Solombrino, Giovanni"]
[Black "Zinnai, Graziano Matteo"]
[WhiteElo "1859"]
[BlackElo "2032"]
[Result "1/2-1/2"]
[PlyCount "46"]
[EventDate "2014.03.06"]

1. e4 e6 2. d4 d5 3. Nd2 Nf6 4. e5 Nfd7 5. Bd3 c5 6. c3 Nc6 7. Ne2 cxd4 8. cxd4
f6 9. exf6 Nxf6 10. Nf3 Bd6 11. O-O Qc7 12. Ng3 O-O 13. Bg5 g6 14. Rc1 Qg7 15.
Qd2 Bb4 16. Bxf6 Qxf6 17. Qh6 Bd6 18. Nh5 Qe7 19. Ng5 Bd7 20. Bxg6 hxg6 21.
Qxg6+ Kh8 22. Qh6+ Kg8 23. Qg6+ Kh8 1/2-1/2

[Event "II Trofeo Antica Scuola Napoletana A"]
[Site "Napoli ITA"]
[Date "2014.04.24"]
[Round "7"]
[White "Vannini, Aldo"]
[Black "Vecchione, Anna Pia"]
[WhiteElo "1775"]
[BlackElo "1556"]
[Result "0-1"]
[PlyCount "81"]
[EventDate "2014.03.06"]

1. d4 Nf6 2. c4 e6 3. Nc3 Bb4 4. Bd2 b6 5. Nf3 Bb7 6. e3 Nc6 7. Bd3 Ne7 8. a3
Bxc3 9. bxc3 O-O 10. O-O Rc8 11. Re1 Ne4 12. Qc2 f5 13. Bf1 c5 14. Ne5 Ng6 15.
Nxg6 hxg6 16. f3 Ng5 17. Bc1 Bxf3 18. gxf3 Nxf3+ 19. Kf2 Nxe1 20. Kxe1 Qh4+ 21.
Qf2 Qxf2+ 22. Kxf2 cxd4 23. cxd4 d5 24. cxd5 exd5 25. Bg2 Rc2+ 26. Kg3 Rfc8 27.
Bxd5+ Kf8 28. a4 Rxc1 29. Rxc1 Rxc1 30. Kf4 Ra1 31. Bc6 a6 32. d5 Ke7 33. e4
fxe4 34. Kxe4 Kd6 35. Kf4 Rh1 36. Kg3 Rb1 37. Kg4 b5 38. Kg5 Rg1+ 39. Kf4 b4
40. Ke3 b3 41. Kd2 0-1

[Event "II Trofeo Antica Scuola Napoletana B"]
[Site "Napoli ITA"]
[Date "2014.03.20"]
[Round "2"]
[White "Brighel, Francesco"]
[Black "Baccelliere, Riccardo"]
[WhiteElo "1452"]
[BlackElo "1359"]
[Result "1-0"]
[PlyCount "77"]
[EventDate "2014.03.06"]

1. d4 d5 2. Nf3 Nc6 3. Bf4 Bg4 4. e3 Nf6 5. h3 Bxf3 6. Qxf3 e6 7. Qd1 Bd6 8.
Bxd6 Qxd6 9. c3 Ne4 10. Nd2 Nxd2 11. Qxd2 O-O-O 12. f4 f6 13. Bb5 a6 14. Bxc6
Qxc6 15. b4 b5 16. O-O h5 17. Qc2 Rdf8 18. a4 Kb7 19. axb5 Qxb5 20. Ra5 Qc4 21.
Rfa1 Ra8 22. Rc5 Qxc5 23. bxc5 c6 24. Qb3+ Kc7 25. Qb6+ Kd7 26. Qb7+ Ke8 27.
Qxa8+ Kf7 28. Qxh8 h4 29. Rxa6 Kg6 30. Ra7 Kf5 31. Qh7+ g6 32. Kf2 Ke4 33.
Qxg6+ f5 34. Qxe6+ Kd3 35. Qxf5+ Kxc3 36. Ke2 Kc4 37. Qc2+ Kb4 38. Rb7+ Ka3 39.
Qb3# 1-0

[Event "II Trofeo Antica Scuola Napoletana B"]
[Site "Napoli ITA"]
[Date "2014.03.20"]
[Round "2"]
[White "Ghiani, Marco"]
[Black "Pellegrino, Giovanni"]
[WhiteElo "1497"]
[BlackElo "1416"]
[Result "1-0"]
[PlyCount "59"]
[EventDate "2014.03.06"]

1. d4 d5 2. c4 e6 3. Nc3 Nf6 4. cxd5 exd5 5. Bf4 c6 6. e3 Bf5 7. Bd3 Bg6 8. Nf3
Nbd7 9. O-O Ne4 10. Nd2 Nxd2 11. Qxd2 Nf6 12. f3 Bd6 13. Bg5 O-O 14. e4 Be7 15.
e5 Nd7 16. Bxe7 Qxe7 17. f4 Bxd3 18. Qxd3 f6 19. a3 a6 20. Rac1 fxe5 21. fxe5
Rxf1+ 22. Rxf1 Rf8 23. Rf3 Rxf3 24. Qxf3 Nf8 25. b4 Ne6 26. Ne2 Qh4 27. Qf2 Qe4
28. h3 Qd3 29. Qf3 b5 30. Qxd3 1-0

[Event "II Trofeo Antica Scuola Napoletana B"]
[Site "Napoli ITA"]
[Date "2014.03.27"]
[Round "3"]
[White "Baccelliere, Donato"]
[Black "Brighel, Francesco"]
[WhiteElo "1404"]
[BlackElo "1452"]
[Result "1-0"]
[PlyCount "103"]
[EventDate "2014.03.06"]

1. d4 d5 2. e3 Nf6 3. Nf3 Bg4 4. Bd3 a6 5. Nbd2 c5 6. h3 Bh5 7. g4 Bg6 8. dxc5
e6 9. Ne5 Bxc5 10. Qf3 Bd6 11. Bxg6 hxg6 12. Nxf7 Kxf7 13. g5 Nc6 14. gxf6 gxf6
15. b3 Be5 16. Rb1 Qc7 17. Bb2 Bxb2 18. Rxb2 Rac8 19. c4 Ne5 20. Qe2 d4 21.
exd4 Nc6 22. Qd3 Rh4 23. Rg1 f5 24. Nf3 Re4+ 25. Kd1 Kf6 26. Re2 Rxd4 27. Nxd4
Rd8 28. Rxe6+ Kf7 29. Rexg6 Qe5 30. Rg7+ Qxg7 31. Rxg7+ Kxg7 32. Qg3+ Kf6 33.
Ke1 Rxd4 34. h4 Rg4 35. Qd6+ Kg7 36. h5 Re4+ 37. Kf1 Ne7 38. c5 Kf7 39. h6 Re6
40. Qc7 Rxh6 41. a4 Rh3 42. Qxb7 f4 43. b4 f3 44. Kg1 Rh6 45. Qxf3+ Rf6 46. Qb7
Ke6 47. b5 axb5 48. axb5 Nd5 49. Qc8+ Ke5 50. b6 Nf4 51. b7 Rg6+ 52. Kf1 1-0

[Event "II Trofeo Antica Scuola Napoletana B"]
[Site "Napoli ITA"]
[Date "2014.03.27"]
[Round "3"]
[White "Pellegrino, Carlo"]
[Black "Gidvani, Nicholas"]
[WhiteElo "1476"]
[BlackElo "1431"]
[Result "0-1"]
[PlyCount "74"]
[EventDate "2014.03.06"]

1. d4 b6 2. Nf3 Nf6 3. e3 Bb7 4. b3 e6 5. Bd3 Bd6 6. Bb2 Qe7 7. Qe2 Bxf3 8.
Qxf3 Nc6 9. O-O e5 10. e4 exd4 11. Nd2 O-O 12. Qh3 Bb4 13. Rad1 Bxd2 14. Rxd2
Nxe4 15. Re2 d5 16. f3 f5 17. fxe4 fxe4 18. Ree1 Rxf1+ 19. Bxf1 Nb4 20. Ba3 c5
21. Bxb4 cxb4 22. Qf5 Qc5 23. Qf2 Rf8 24. Qe2 d3+ 25. Qe3 Qxe3+ 26. Rxe3 dxc2
27. Re1 d4 28. Bc4+ Kh8 29. g4 d3 30. Kg2 d2 31. Rxe4 c1=Q 32. Be2 d1=Q 33.
Bxd1 Qxd1 34. Rc4 Qf1+ 35. Kg3 Rf3+ 36. Kh4 Rh3+ 37. Kg5 Qf6# 0-1

[Event "II Trofeo Antica Scuola Napoletana B"]
[Site "Napoli ITA"]
[Date "2014.04.03"]
[Round "4"]
[White "Ghiani, Marco"]
[Black "Baccelliere, Donato"]
[WhiteElo "1497"]
[BlackElo "1404"]
[Result "1-0"]
[PlyCount "121"]
[EventDate "2014.03.06"]

1. d4 d5 2. c4 Nf6 3. cxd5 Qxd5 4. Nc3 Qa5 5. Nf3 Bg4 6. Bd2 Bxf3 7. gxf3 Qb6
8. Bc1 e6 9. e4 a6 10. Bc4 c6 11. a3 Be7 12. b4 O-O 13. Be3 Qc7 14. Qb3 b5 15.
Be2 a5 16. e5 Nd5 17. Nxd5 cxd5 18. O-O a4 19. Qd3 f6 20. f4 fxe5 21. fxe5 Qc4
22. Rfc1 Qxd3 23. Bxd3 Ra7 24. Bxb5 Bh4 25. Rc2 Raf7 26. Rac1 Nd7 27. Bxd7 Rxd7
28. Rc7 Rxc7 29. Rxc7 Ra8 30. b5 Rb8 31. Ra7 Rxb5 32. Rxa4 g5 33. Ra7 h6 34. a4
Rb1+ 35. Kg2 Ra1 36. a5 g4 37. Bxh6 Ra2 38. Be3 Kf8 39. a6 Bd8 40. Kg3 Bb6 41.
Ra8+ Ke7 42. Kxg4 Kf7 43. a7 Rxa7 44. Rxa7+ Bxa7 45. Kg5 Bb6 46. Kh6 Bd8 47.
Bg5 Bb6 48. Be3 Bd8 49. f4 Be7 50. Bf2 Bd8 51. h4 Be7 52. Kh5 Bf8 53. Kg4 Kg6
54. h5+ Kh6 55. f5 exf5+ 56. Kxf5 Kxh5 57. Ke6 Kg5 58. Kxd5 Kf5 59. Bh4 Kg4 60.
Ke6 Kxh4 61. d5 1-0

[Event "II Trofeo Antica Scuola Napoletana B"]
[Site "Napoli ITA"]
[Date "2014.04.03"]
[Round "4"]
[White "Pellegrino, Giovanni"]
[Black "Brighel, Francesco"]
[WhiteElo "1416"]
[BlackElo "1452"]
[Result "0-1"]
[PlyCount "154"]
[EventDate "2014.03.06"]

1. d4 d5 2. Nf3 Nf6 3. e3 g6 4. Bd3 Bg7 5. Nc3 b6 6. O-O Bg4 7. h3 Bc8 8. b3 e6
9. Ba3 Nbd7 10. Qe2 Bb7 11. Bb5 c6 12. Ba6 Qc7 13. Rad1 Bf8 14. Bxf8 Nxf8 15.
Bxb7 Qxb7 16. e4 N8d7 17. exd5 cxd5 18. Ne5 O-O 19. Rfe1 a6 20. Ng4 Rac8 21.
Rd3 Rc6 22. Qf3 Nxg4 23. Qxg4 Rfc8 24. Ree3 Nf6 25. Qf3 Kg7 26. g4 Ne4 27. Nxe4
dxe4 28. Qxe4 Qd7 29. Rd2 Re8 30. Ree2 Rc3 31. Rd3 Rec8 32. Rxc3 Rxc3 33. Kg2
Kg8 34. g5 e5 35. Qxe5 Qxh3+ 36. Kg1 Qg4+ 37. Kf1 Rc8 38. Qf6 Qh3+ 39. Ke1 Qc3+
40. Kd1 Qa1+ 41. Kd2 Qxa2 42. Kd3 Qa5 43. c4 Qa3 44. Qxb6 a5 45. Qb5 Rf8 46.
Re8 Qa2 47. f4 Qb1+ 48. Kd2 Qb2+ 49. Ke1 Qc1+ 50. Ke2 Qc2+ 51. Kf3 Qd1+ 52. Re2
Qd3+ 53. Re3 Qxd4 54. Qxa5 Qd1+ 55. Kf2 Qc2+ 56. Kf3 Qd1+ 57. Kg2 Qg4+ 58. Kh1
Qxf4 59. Qe5 Qh4+ 60. Kg2 Rd8 61. c5 Rd2+ 62. Re2 Qg4+ 63. Kf2 Qh4+ 64. Kf1
Rd1+ 65. Re1 Qh3+ 66. Kf2 Rd2+ 67. Re2 Qh4+ 68. Kf1 Qh1+ 69. Kf2 Rd5 70. Qb8+
Kg7 71. c6 Rf5+ 72. Ke3 Qf3+ 73. Kd2 Rd5+ 74. Ke1 Qc3+ 75. Kf1 Qxc6 76. Re5
Rd1+ 77. Re1 Qf3+ 0-1

[Event "II Trofeo Antica Scuola Napoletana B"]
[Site "Napoli ITA"]
[Date "2014.04.10"]
[Round "5"]
[White "Brighel, Francesco"]
[Black "Ghiani, Marco"]
[WhiteElo "1452"]
[BlackElo "1497"]
[Result "1-0"]
[PlyCount "43"]
[EventDate "2014.03.06"]

1. d4 Nf6 2. Bf4 e6 3. e3 d5 4. Nd2 Bd6 5. Bg3 Bxg3 6. hxg3 O-O 7. Bd3 b6 8.
Ngf3 Nbd7 9. Ng5 h6 10. Ngf3 Bb7 11. c3 c5 12. Qe2 c4 13. Bc2 Qc7 14. O-O-O b5
15. Rh4 Ne4 16. Rdh1 f5 17. Bxe4 fxe4 18. Ne1 Rf7 19. Qg4 Rf6 20. Rxh6 Rxh6 21.
Rxh6 e5 22. Qe6+ 1-0